| 000 | 01155nam a22002177a 4500 | ||
|---|---|---|---|
| 003 | OSt | ||
| 005 | 20260310081247.0 | ||
| 008 | 260310b |||||||| |||| 00| 0 eng d | ||
| 020 | _a0448095491 | ||
| 040 |
_aDWCL GS lib _cOC |
||
| 082 | _aFic. K26s 1972 | ||
| 100 | _aKeene Carolyn | ||
| 245 |
_aThe Secret Of Mirror Bay _cCarolyn Keene |
||
| 260 |
_aNew York _bCarolyn Keene _c1972 |
||
| 300 |
_aExtent- vii, 178 pages: _billustrations ; _c20cm |
||
| 520 | _aNancy Drew, along with Bess and George, visits her Aunt Eloise near Cooperstown, New York, to investigate a mysterious, glowing woman seen "gliding" on the water. Nancy uncovers a vacation scam, a fraudulent operation, and a hidden treasure, ultimately revealing that the "ghost" is a culprit on stilts. | ||
| 650 | _ais the 49th installment in the Nancy Drew Mystery Stories series, where the protagonist demonstrates a proactive and fearless approach to danger while navigating a complex, multi-layered mystery. | ||
| 650 | _askepticism, the importance of investigating beyond surface appearances, and not letting fear dictate actions. | ||
| 700 | _aCarolyn Keene | ||
| 942 |
_2ddc _cFIC. _n0 |
||
| 999 |
_c8882 _d8882 |
||